LEADER 01045nam1-22003371i-450- 001 990005315430403321 005 20050928105428.0 010 $a90-04-04215-6 035 $a000531543 035 $aFED01000531543 035 $a(Aleph)000531543FED01 035 $a000531543 100 $a19990604d1975----km-y0itay50------ba 101 0 $aita 105 $ay-------001yy 200 1 $aChristianity, Judaism and other Greco-Roman cult$eStudies for Morton Smith at sixty$fedited by Jacob Neusner 210 $aLeiden$cE.J. Brill$d1975 215 $a4 v.$d25 cm 225 1 $aStudies in judaism in late antiquity$v12 610 0 $aGiudaismo$aStoria 610 0 $aReligioni$aStudio comparato 676 $a296.39$v21$zita 700 1$aNeusner,$bJacob$f<1932- >$0147791 702 1$aSmith,$bMorton 801 0$aIT$bUNINA$gRICA$2UNIMARC 901 $aBK 912 $a990005315430403321 952 $a296.39 SMI 1 (1-4)$bST.REL.$fFLFBC 959 $aFLFBC 996 $aChristianity, Judaism and other Greco-Roman cult$9598159 997 $aUNINA LEADER 01998nam0-22004571i-450- 001 990008120330403321 005 20080325112643.0 010 $a3-487-11808-4$btomo 1 010 $a3-487-11809-2$btomo 2 010 $a3-487-11810-6$btomo 3 035 $a000812033 035 $aFED01000812033 035 $a(Aleph)000812033FED01 035 $a000812033 100 $a20050527d2000----km-y0itay50------ba 101 0 $ager$alat$agoh 102 $aDE 105 $aho------001yy 200 1 $aTröstung der Philosophie$d=De consolatione philosophiae$elateinischer Text und althochdeutsche Übersetzung$ediplomatische Textausgabe, Konkordanzen und Wortlisten nach den Codices Sangallensis 825 und 844, Codex Turicensis C121 und Codex Vindobonensis 242$fNotker der deutsche von St. Gallen$gvon Anicius Manlius Severinus Boethius$gherausgegeben von Evelyn Scherabon-Firchow$gunter Mitarbeit von Richard Hotchkiss und Rick Treece 210 $aHildesheim$cG. Olms$d2003 215 $a3 tomi (XLVIII, 1-528; 529-1148; 1149-1773 p.)$d24 cm 307 $aRil. in tela 500 10$aPhilosophiae consolatio$m$955051 517 1 $aConsolatio philosophiae 610 0 $aBoezio$aPhilosophiae consolatio$aTesto e traduzione antico alto tedesca$aCodici$aEdizioni e concordanze 676 $a870.02$v20$zita 676 $a430.3$v20$zita 700 1$aFirchow,$bEvelyn Scherabon$0422703 702 1$aBoethius,$bAnicius Manlius Torquatus Severinus$f<475/480-ca. 524/525> 702 0$aNotker :$cLabeo$f 702 1$aHotchkiss,$bRichard L. 702 1$aTreece,$bRick 801 0$aIT$bUNINA$c20050527$gRICA$2UNIMARC 901 $aBK 912 $a990008120330403321 952 $aP2B-650-BOETHIUS-419A (1)-2003$bBibl. 51174$fFLFBC 952 $aP2B-650-BOETHIUS-419A (2)-2003$bBibl.51174$fFLFBC 952 $aP2B-650-BOETHIUS-419A (3)-2003$bBibl. 51174$fFLFBC 959 $aFLFBC 996 $aPhilosophiae consolatio$955051 997 $aUNINA